| 000 | 00892nam a22002177a 4500 | ||
|---|---|---|---|
| 003 | BD-DhSAU | ||
| 005 | 20230411114511.0 | ||
| 008 | 220918b bg ||||| |||| 00| 0 eng d | ||
| 020 | _a9789843517760 | ||
| 040 | _aBD-DhSAU | ||
| 082 |
_222 _a634.99 Sa213 |
||
| 100 | _aড. মো. ছায়ফুল্লাহ, কাজী নুর ও আলম, ড. মাইনউদ্দিন আহমেদ | ||
| 245 | _aকৃষিবনায়ন: চা ও ছায়াতরু | ||
| 260 |
_aঢাকা ; _bবাংলাদেশ কৃষি গবেষনা কাউন্সিল, _c2021, |
||
| 300 |
_a142 পৃ। _bছবি; _c২8 সে। মি। |
||
| 504 | _aগ্রন্থপুঞ্জি আছে। | ||
| 590 | _aNazmul | ||
| 650 | _2কৃষিবনায়ন: | ||
| 651 | _aচা ও ছায়াতরু | ||
| 942 |
_2ddc _cBOOK |
||
| 999 |
_c16758 _d16757 |
||